000 00694nam a2200289Ia 4500
005 20260324112437.0
008 008 260324s9999 xx 000 0 eng d
020 _a9781003455844
037 _aEBOOK
040 _aCRL
040 _beng
040 _cCRL
041 _2eng
041 _aeng
084 _qCRL
100 _aKlara Naszkowska
_91142722
245 0 _aEarly Women Psychoanalysts
245 0 _bHistory, Biography, and Contemporary Relevance
260 _bTaylor and Francis
260 _c2024
365 _a
365 _b220
856 _uhttp://www.taylorfrancis.com/books/9781003455844
942 _cEBOOK
999 _c1731931
_d1731931